| 000 | 00792nas a2200265 4500 | ||
|---|---|---|---|
| 001 | BR2014000477 | ||
| 003 | BR-BrBNA | ||
| 005 | 20231205123640.0 | ||
| 007 | ta | ||
| 008 | 230509b bl.|||p| |||| 00| 00por d | ||
| 040 |
_aBR-BrBNA _bpor _cBiblioteca Nacional de Agricultura |
||
| 041 | _a(En) | ||
| 072 | _aF70 | ||
| 100 | 1 | _aHeidtmann, L.P. | |
| 100 | 1 | _aPeralta, D.F. | |
| 100 | 1 | _aGiroldo, D. | |
| 100 | 1 | _aHefler, S.M. | |
| 245 | 1 | _aNew records of bryophytes for the state of Rio Grande do Sul, Brazil | |
| 650 | _aBRIOFITA | ||
| 650 | _aIDENTIFICAÇÃO | ||
| 650 | _aRIO GRANDE DO SUL | ||
| 773 | 0 |
_tActa Botanica Brasilica (Brazil) _xISSN 0102-3306 _g(Jul--Sep 2013), v. 27(3) p. 626-628 _wBR2014000477 |
|
| 909 |
_a202311 _bLúcia _c55 _dLúcia Elande |
||
| 942 |
_2AGRIS _n0 _cANA |
||
| 999 |
_c234981 _d234981 |
||